The crime of Galileo

محفوظ في:
التفاصيل البيبلوغرافية
المؤلف الرئيسي: Santillana, Giorgio de (مؤلف)
التنسيق: كتاب
اللغة:الإنجليزية
منشور في: Chicago The University of Chicago Press 1955
سلاسل:Phoenix Books
الموضوعات:
الوسوم: إضافة وسم
لا توجد وسوم, كن أول من يضع وسما على هذه التسجيلة!

MARC

LEADER 00000nam a2200000 a 4500
001 UCH1111
003 CL-VaPUC
008 090409e19550000US |||||||||||||||||eng|d
082 0 4 |a 925.2  |b SAN  |2 21 
100 0 |a Santillana, Giorgio de  |e author  |9 535457 
245 1 4 |a The crime of Galileo 
300 |a 338 p 
942 |c BK 
945 |d 20090409 00:00:00  |a rbrito 
260 |a Chicago  |b The University of Chicago Press  |c 1955 
600 0 |a Galilei, Galileo  |9 264973 
650 0 |a Biografías  |9 255210 
650 0 |a Científicos   |9 262025 
650 7 |a FISICOS  |2 CL-VaPUC  |9 263707 
583 |a last modification  |c 20090409 00:00:00  |k Rodrigo Vera 
490 0 |a Phoenix Books 
999 |c 333188  |d 333186 
952 |0 0  |1 0  |4 0  |6 925_200000000000000_SAN_1955  |7 0  |8 A  |9 421397  |a BIBCUR  |b BIBCUR  |d 2019-11-22  |i 4534492  |o 925.2 SAN 1955  |p 4534492  |r 2025-04-22  |w 2019-11-22  |y BK  |k FIS